| 000 | 00572nam a2200193 a 4500 | ||
|---|---|---|---|
| 005 | 20210223123824.0 | ||
| 008 | 991125n 000 0 eng u | ||
| 035 | _aUPN01000070522 | ||
| 100 | 1 |
_aMitter, Wolfgang _929670 |
|
| 222 | _aEUROPEAN JOURNAL OF TEACHER EDUCATION | ||
| 245 | _aCurrent trends in educational research in Europe / Wolfgang Mitter | ||
| 300 | _a53-64 | ||
| 362 | _a1992 15, no. 1-2 | ||
| 653 | 0 | _aINVESTIGACION EDUCATIVA | |
| 653 | 0 | _aPOLITICAS DE EDUCACION | |
| 653 | 0 | _aRELACION TEORIA-PRACTICA | |
| 904 |
_aAC _b008333 |
||
| 905 | _aArticulo | ||
| 999 |
_c65397 _d65397 |
||